000 01744cam a2200361 a 4500
001 13536259
005 20220326193342.0
008 040325s2000 nmua bc 000 0deng d
010 _a 2004298066
020 _a0890133786
035 _a(OCoLC)ocm46805339
040 _aCOO
_cCOO
_dPMC
_dCUS
_dDLC
041 0 _aengspa
042 _alccopycat
082 0 0 _a759.972.91
_bG216c
100 1 _aGarciandía, Flavio,
_d1954-
_94629
245 1 0 _aClyfford Still picking mangos in the patio :
_bFlavio Garciandía was there /
_cessay by Juan Antonio Molina.
246 1 4 _aFlavio Garciandía, recent works
260 _aSanta Fe [N.M.] :
_bMuseum of Fine Arts in collaboration with Galería Ramis Barquet, Monterrey, Mexico and New York :
_bMuseum of New Mexico Press,
_cc2000.
300 _a1 v. (unpaged) :
_bill. (col.) ;
_c22 cm
500 _a"Published to coincide with the exhibition 'Clyfford Still picking mangos in the patio (Flavio Garciandía was there),' organized by Museum of Fine Arts, Santa Fe, in association with Galería Ramis Barquet, Monterrey, Mexico"--Colophon.
504 _aIncludes bibliographical references.
546 _aText in English and Spanish.
600 1 0 _aGarciandía, Flavio,
_d1954-
_vExhibiciones
_94635
650 _aArte
_zCuba
_94631
650 _aExhibiciones-Museo Nuevo México
_94636
650 _aPintura Cubana
_94633
700 1 _aMolina, Juan Antonio,
_d1965-
_94637
710 2 _aMuseum of Fine Arts (Museum of New Mexico)
_94638
710 2 _aGalería Ramis Barquet (Garza García, Mexico)
_94634
906 _a7
_bcbc
_ccopycat
_d2
_encip
_f20
_gy-gencatlg
999 _c847
_d847